Interdisciplinární metody výzkumu klimatické změny jako příklad propojení přírodních a spoločenských věd
Vzťah prírodných a spoločenských vied. Vývoj interdisciplinárnych prístupov výskumu klimatickej zmeny. Popis čiastkových záverov vybraných medzinárodných výskumných tímov.
Guardado en:
| Autor principal: | |
|---|---|
| Formato: | Capítulo de libro |
| Lenguaje: | checo |
| Materias: | |
| Etiquetas: |
Sin Etiquetas, Sea el primero en etiquetar este registro!
|
MARC
| LEADER | 00000naa a2200000 4500 | ||
|---|---|---|---|
| 001 | 0119321 | ||
| 005 | 20231116105058.5 | ||
| 041 | 0 | |a cze | |
| 044 | |a CZ | ||
| 245 | 1 | 0 | |a Interdisciplinární metody výzkumu klimatické změny jako příklad propojení přírodních a spoločenských věd |c Lenka Slavíková |
| 520 | |a Vzťah prírodných a spoločenských vied. Vývoj interdisciplinárnych prístupov výskumu klimatickej zmeny. Popis čiastkových záverov vybraných medzinárodných výskumných tímov. | ||
| 610 | 2 | 0 | |a zmeny klimatické |
| 610 | 2 | 0 | |a rozvoj trvalo udržateľný |
| 610 | 2 | 0 | |a vedy prírodné |
| 610 | 2 | 0 | |a vedy spoločenské |
| 100 | 1 | |a Slavíková, Lenka | |